5HLuxD.jpg

KING HENRY VIII SENIOR AND PRIMARY SCHOOL LIBRARY OPAC

AROUND THE WORLD IN 80 WAYS (Record no. 4733)

000 -LEADER
fixed length control field 00355nam a22001217a 4500
008 - FIXED-LENGTH DATA ELEMENTS--GENERAL INFORMATION
fixed length control field 250312b ||||| |||| 00| 0 eng d
020 ## - INTERNATIONAL STANDARD BOOK NUMBER
International Standard Book Number 9781465475725
082 ## - DEWEY DECIMAL CLASSIFICATION NUMBER
Classification number 388 DRA
100 ## - MAIN ENTRY--PERSONAL NAME
Personal name HALFORD,KATY
Relator term ILLUSTRATOR
245 ## - TITLE STATEMENT
Title AROUND THE WORLD IN 80 WAYS
260 ## - PUBLICATION, DISTRIBUTION, ETC.
Place of publication, distribution, etc. 345 HUDSON STREET,NEW YORK,NEW YORK 10014
Name of publisher, distributor, etc. DK PENGUIN RANDOM HOUSE
Date of publication, distribution, etc. 2018
942 ## - ADDED ENTRY ELEMENTS (KOHA)
Source of classification or shelving scheme
Holdings
Withdrawn status Lost status Source of classification or shelving scheme Damaged status Not for loan Collection code Permanent Location Current Location Shelving location Date acquired Full call number Barcode Date last seen Price effective from Koha item type Public note
          Non-Fiction KH8 Primary School Library KH8 Primary School Library Non Fiction 2025-03-12 388 HAL KHPL000006550 2025-12-05 2025-03-12 Books - Non Ficton KH8 PRIMARY LIBRARY

Powered By KH8 IT Dept